000 00673cam a2200157 4500500
005 20260201095457.0
041 _afre
042 _adc
100 1 0 _aMartinot-Lagarde, Pierre
_eauthor
245 0 0 _aImages économiques du monde. Panorama annuel 2006, Armand Colin, 2005, 420 p., 28,50 €
260 _c2005.
500 _a90
520 _aResumé Dans la quête de justice, il y a une temsion entre les aspirations à l’exactitude et une reconnaissance plus fondamentale et gratuite.
786 0 _nRevue Projet | 289 | 6 | 2005-06-01 | p. 091f-094f | 0033-0884
856 4 1 _uhttps://shs.cairn.info/revue-projet-2005-6-page-091f?lang=fr&redirect-ssocas=7080
999 _c1640854
_d1640854